Toutes les communes du canton de Chemillé-en-Anjou (49) - Statistiques

Statistiques générales
  • Ce quiz a été pris 28 fois
  • Le résultat moyen est 3 sur 7
Réponses sur la Carte
Les réponses sont colorées sur une échelle allant du rouge au vert en fonction du pourcentage des utilisateurs qui les ont devinées à leur premier essai. Vous pouvez retrouver ces pourcentages ci-dessous.
 
Statistiques - réponses
Commune % Correct
Chemillé-en-Anjou
100%
Bellevigne-en-Layon
53%
Mozé-sur-Louet
47%
Terranjou
35%
Beaulieu-sur-Layon
29%
Val-du-Layon
29%
Aubigné-sur-Layon
24%
Aucun quiz correspondant
Distribution des résultats
% des personnes avec chaque résultat
Percentile par nombre de réponses
Votre historique - résultats
Vous n’avez pas pris ce quiz